The office quiz - Statistics

General Stats
  • This quiz has been taken 19 times
  • The average score is 4 of 13
Answer Stats
Hint Answer % Correct
What is Dwight's title early on in the show? Assistant to the regional manager
100%
At what college did they form? Cornell
100%
What is the receptionist Erin's first name? kelly
81%
What is the name of Andy's a capella group? here comes treble
63%
Which method did she use? both
25%
What is Michael Klump's catch phrase? I say I say I sit on you
19%
What is the name of the orientation video Michael showed to the Stanford staff during the merger? lazy scranton
6%
How does Jo Bennet say you become the richest woman in Tallahassee? working hard and marrying rich
6%
(same as above) John David
0%
What two men dueled over Angela while she was living in Ohio? John Mark
0%
What is the method of communication Michael used when breaking up with Jan? leaving a voicemail
0%
How does Michael describe to Holly the other women he has dated whom he visited to inform them of his possible herpees? mostly a freak show
0%
What does Michael say to Stanley in response to him complaining about Michael using the sales incentive prize in season 1, episode 6? very easy to clean
0%
No matching quizzes found
Score Distribution
Percent of People with Each Score
Percentile by Number Answered
Your Score History
You have not taken this quiz